苏州地铁与其他城市轨交站重名的地铁站 - Statistics

General Stats
  • This quiz has been taken 4 times
  • The average score is 3 of 11
Answers on the Grid
Answers color-coded by a green-red scale on the quiz's grid according to % correct below.
张庄
花溪公园
文化宫
花桥
双桥
市民中心
星海广场
东安路
山塘
狮子山
群力
劳动路
月亮湾
中央公园
时代广场
文昌路
南门
梅巷
博览中心
姚庄
黄天荡
珠江路
长江路
共青
 
Answer Stats
Answer % Correct
上海11/长沙6/成都10 花桥
67%
大连1 星海广场
67%
重庆10 中央公园
67%
武汉8 文昌路
33%
无锡S1/乌鲁木齐1 南门
33%
贵阳3 花溪公园
0%
北京八通/杭州5 双桥
0%
成都7 狮子山
0%
南京S7 群力
0%
西安1 劳动路
0%
南京S5 黄天荡
0%
No matching quizzes found
Score Distribution
Percent of People with Each Score
Percentile by Number Answered
Your Score History
You have not taken this quiz